Statistiken für Was ist es? (Die Kinder)

Klicken Sie hier um das Quiz zu spielen!

Allgemein

  • Dieses Quiz wurde 133 mal gespielt
    (97 seit der letzten Aktualisierung)
  • Das Durchschnittsergebnis liegt bei 12 aus 27

Antwortstatistiken

HintAntwort% Korrekt
das Liedsong
88%
die Adoptionadoption
86%
die Schuleschool
85%
die Geburtstagsfeierbirthday party
74%
der Babysitterbabysitter
73%
der Weihnachtsmannsanta claus
68%
die Puppedoll
64%
die Babynahrungbaby food
62%
die Schwangerschaftpregnancy
62%
das Spielzeugtoy
61%
der Spielplatzplayground
60%
der Luftballonballoon
59%
der Osterhaseeaster bunny
47%
der Zeichentrickfilmcartoon
44%
das Brettspielboard game
41%
die Impfungvaccination
35%
die Rutscheslide
34%
die Schaukelswing
24%
die Windeldiaper
19%
das Stofftierstuffed animal
16%
das Malbuchcoloring book
15%
das Internatboarding school
14%
das Etagenbettbunk bed
9%
die Wiegecradle
4%
der Schnullerpacifier
4%
das Zeugnis/das Schulzeugnisreport card
4%
das Lätzchenbib
2%

Verteilung der Resultate

Perzentil nach korrekt beantworteten Fragen

Anzahl Personen mit jedem Resultat

Ihre Resultats-Entwicklung

Sie haben dieses Quiz seit der letzten Aktualisierung nicht gespielt